000 01197nac a22003251i 4500
003 EG-ScBUE
005 20251210094034.0
008 090128t1997 nyua f b 001 0 eng d
020 _a0195082370
040 _aEG-ScBUE
_beng
_erda
_cEG-ScBUE
_dEG-ScBUE
082 0 4 _a547.842044
_bERM
_222
100 1 _aErman, Burak,
_eauthor.
245 1 0 _aStructures and properties of rubberlike networks /
_cBurak Erman & James E. Mark.
264 1 _aNew York :
_bOxford University Press,
_c[1997]
264 4 _cc1997
300 _axiii, 370 pages :
_billustrations ;
_c24 cm.
336 _2rdacontent
_atext
_btxt
337 _aunmediated
_2rdamedia
_bn
338 _avolume
_bnc
_2rdacarrier
490 0 _aTopics in polymer science
500 _aIncludes Appendices.
504 _aIncludes bibliographical references and index.
650 7 _aPolymer networks.
_2BUEsh
650 7 _aElastomers.
_2BUEsh
655 _vReading book
700 1 _a Mark, James E.,
_d1934-
_eauthor.
856 4 2 _3Publisher description
_uhttp://www.loc.gov/catdir/enhancements/fy0604/96048699-d.html
856 4 2 _3Table of contents only
_uhttp://www.loc.gov/catdir/enhancements/fy0604/96048699-t.html
942 _cBB
_2ddc
999 _c5519
_d5519